[Event "Dutch Open 2014"]
[Site "Dieren NED"]
[Date "2014.07.29"]
[Round "7.13"]
[White "Bus, Tom"]
[Black "Goudriaan, Etienne"]
[Result "0-1"]
[BlackTitle "IM"]
[WhiteElo "2108"]
[BlackElo "2401"]
[WhiteFideId "1014374"]
[BlackFideId "1021150"]
[EventDate "2014.07.22"]

1. e4 e5 2. Nf3 Nc6 3. Bb5 Nf6 4. d3 Bc5 5. c3 O-O 6. O-O d6 7. Nbd2 Ne7 8. d4
exd4 9. cxd4 Bb6 10. a4 a5 11. Re1 Bg4 12. Qc2 Bh5 13. Bd3 Nc6 14. Qc3 Re8 15.
b3 d5 16. e5 Ne4 17. Bxe4 dxe4 18. Rxe4 Bg6 19. Rf4 Nb4 20. Nc4 Nd5 21. Qb2 Nxf4
22. Bxf4 Qd5 23. Be3 Rad8 24. h3 Be4 25. Bg5 Bxf3 26. Nxb6 cxb6 27. Bxd8 Bxg2
28. f3 Bxh3 29. Bh4 Qxf3 30. Kh2 Be6 31. Rg1 Qh3# 0-1

[Event "Dutch Open 2014"]
[Site "Dieren NED"]
[Date "2014.07.29"]
[Round "7.14"]
[White "Bollen, Guus"]
[Black "De Jong, Migchiel"]
[Result "1-0"]
[BlackTitle "IM"]
[WhiteElo "2011"]
[BlackElo "2345"]
[WhiteFideId "1027883"]
[BlackFideId "1002848"]
[EventDate "2014.07.22"]

1. e4 e6 2. d4 d5 3. exd5 exd5 4. c4 Bb4+ 5. Nc3 Nf6 6. Bd3 O-O 7. Ne2 dxc4 8.
Bxc4 Nbd7 9. O-O Nb6 10. Bb3 c6 11. Bg5 Be7 12. Re1 Nfd5 13. Bxe7 Nxe7 14. Nf4
Qd6 15. Re5 Nf5 16. Qh5 g6 17. Qg5 Qd8 18. Qxd8 Rxd8 19. d5 c5 20. Rae1 Bd7 21.
Ne4 c4 22. Bd1 Kg7 23. g4 Nd4 24. Nc5 Rab8 25. Re7 Kf8 26. Nxd7+ Nxd7 27. R7e4
Re8 28. Kf1 Nb5 29. Rxc4 Rxe1+ 30. Kxe1 Nb6 31. Rc5 Re8+ 32. Kd2 Nd6 33. f3
Nbc4+ 34. Kc3 Re3+ 35. Kd4 Re1 36. Be2 Nxb2 37. Rc2 Na4 38. Ke5 Ne8 39. d6 Nb6
40. g5 Kg7 41. Nd3 Ra1 42. h4 Nd7+ 43. Kd5 Rb1 44. Rb2 Nb6+ 45. Kc5 Na4+ 46. Kb4
Nxb2 47. d7 Nxd3+ 48. Kc3 Nc7 49. d8=Q Nf4 50. Qf6+ Kf8 51. Qd8+ Kg7 52. Qf6+
Kf8 53. Qd6+ Kg8 54. Kc2 Re1 55. Qxc7 Rxe2+ 56. Kd1 Rxa2 57. Qxf4 b6 58. Qf6 Ra5
59. h5 gxh5 60. f4 h4 61. f5 h3 62. Qd8+ Kg7 63. Qd4+ Kf8 64. f6 Ke8 65. Qd6 1-0

[Event "Dutch Open 2014"]
[Site "Dieren NED"]
[Date "2014.07.29"]
[Round "7.15"]
[White "Kazarian, Anna-Maja"]
[Black "Von Meijenfeldt, Bart"]
[Result "0-1"]
[WhiteTitle "WFM"]
[WhiteElo "2025"]
[BlackElo "2331"]
[WhiteFideId "1033689"]
[BlackFideId "1032259"]
[EventDate "2014.07.22"]

1. e4 c5 2. Nf3 d6 3. d4 cxd4 4. Nxd4 Nf6 5. Nc3 a6 6. Be3 e5 7. Nb3 Be6 8. Qd2
Nbd7 9. O-O-O b5 10. f3 Rc8 11. g4 Nb6 12. g5 Nfd7 13. Nd5 Bxd5 14. exd5 Nc4 15.
Qf2 Qc7 16. Bd3 a5 17. Nd2 a4 18. a3 Be7 19. h4 Nxe3 20. Qxe3 Qb7 21. Bf5 b4 22.
axb4 Qxb4 23. Bxd7+ Kxd7 24. Qe4 Qxe4 25. fxe4 h6 26. gxh6 Rxh6 27. Rdf1 Bf6 28.
Nf3 Rch8 29. Rhg1 Ke7 30. Kd2 g6 31. Ra1 Bxh4 32. Rxa4 Bf2 33. Rg2 Bb6 34. b4
Rh3 35. Ke2 Rc8 36. Ne1 Re3+ 37. Kd2 Rxe4 38. c3 Rf4 39. Nd3 Rf3 40. Ra6 e4 41.
Ne1 Be3+ 42. Ke2 Rh3 43. Rg4 Rxc3 44. Rxe4+ Kf8 45. Rc6 Rh2+ 46. Kf3 Bc5+ 47.
Kf4 Rh4+ 48. Kg5 Rxe4 49. bxc5 Kg7 0-1

[Event "Dutch Open 2014"]
[Site "Dieren NED"]
[Date "2014.07.29"]
[Round "7.16"]
[White "Beerdsen, Thomas"]
[Black "Markus, John Raymond"]
[Result "1-0"]
[WhiteElo "2260"]
[BlackElo "2143"]
[WhiteFideId "1030108"]
[BlackFideId "1001213"]
[EventDate "2014.07.22"]

1. e4 g6 2. d4 d6 3. c3 Bg7 4. Nf3 Nf6 5. Bd3 Nc6 6. O-O O-O 7. h3 e5 8. Bg5 h6
9. Be3 Kh7 10. Nbd2 Ng8 11. d5 Nce7 12. Ne1 f5 13. f3 f4 14. Bf2 g5 15. c4 Ng6
16. c5 Nf6 17. Rc1 h5 18. Be2 Rg8 19. Rc3 Bf8 20. b4 Nh8 21. b5 Nf7 22. cxd6
Bxd6 23. Nc4 Rg6 24. Nxd6 cxd6 25. Qc2 g4 26. fxg4 hxg4 27. hxg4 Bxg4 28. Bxg4
Nxg4 29. Rc7 Rg7 30. Nf3 Nxf2 31. Kxf2 Nh6 32. Rc1 Ng4+ 33. Ke2 Ne3 34. Rxg7+
Kxg7 35. Qc7+ Qxc7 36. Rxc7+ Kh6 37. Rd7 Rg8 38. Rxd6+ Kh5 39. Nxe5 Rxg2+ 40.
Kf3 Rxa2 41. Kxf4 Ng2+ 42. Kg3 Ne1 43. Rd7 a5 44. d6 Kg5 45. Rxb7 Kf6 46. d7 Rd2
47. Nc6 1-0

[Event "Dutch Open 2014"]
[Site "Dieren NED"]
[Date "2014.07.29"]
[Round "7.17"]
[White "Vogel, Jaap"]
[Black "Dijkhuis, Sven"]
[Result "1-0"]
[WhiteTitle "FM"]
[WhiteElo "2209"]
[BlackElo "1988"]
[WhiteFideId "1000764"]
[BlackFideId "1036556"]
[EventDate "2014.07.22"]

1. Nf3 Nf6 2. g3 d5 3. Bg2 c5 4. O-O Nc6 5. d4 e6 6. c4 cxd4 7. Nxd4 Bc5 8. Nb3
Be7 9. cxd5 Nxd5 10. e4 Ndb4 11. Nc3 e5 12. Nd5 Be6 13. Be3 O-O 14. a3 Na6 15.
Rc1 Qd7 16. Qe2 Bd6 17. Rfd1 Ne7 18. Nxe7+ Qxe7 19. Na5 Bc5 20. b4 Bxe3 21. Qxe3
Nb8 22. f4 b6 23. Nc4 Nd7 24. Nd6 Bg4 25. Rd2 Nf6 26. h3 Rad8 27. fxe5 Qxe5 28.
Nc4 Qe6 29. hxg4 b5 30. Rxd8 Rxd8 31. Nb2 Nxg4 32. Qg5 f6 33. Qxb5 Kh8 34. Rd1
Rxd1+ 35. Nxd1 h6 36. Nf2 Nxf2 37. Kxf2 Qa2+ 38. Qe2 Qxa3 39. Qd2 Qa1 40. Bh3
Qe5 41. Qd8+ Kh7 42. Bf5+ g6 43. Qd7+ Kh8 44. Bxg6 Qb2+ 45. Kf3 Qb3+ 46. Kg2
Qa2+ 47. Kh3 Kg8 48. Bf5 Qf2 49. Qe8+ Kg7 50. Qg6+ 1-0

[Event "Dutch Open 2014"]
[Site "Dieren NED"]
[Date "2014.07.29"]
[Round "7.18"]
[White "Lecomte, Robin"]
[Black "Beukema, Stefan"]
[Result "0-1"]
[BlackTitle "FM"]
[WhiteElo "2056"]
[BlackElo "2305"]
[WhiteFideId "1037170"]
[BlackFideId "1024523"]
[EventDate "2014.07.22"]

1. Nf3 f5 2. d4 Nf6 3. c4 g6 4. Nc3 Bg7 5. g3 O-O 6. Bg2 d6 7. O-O c6 8. Re1 Na6
9. Qb3 Kh8 10. Bf4 h6 11. Rad1 Qe8 12. e4 fxe4 13. Nxe4 Nxe4 14. Rxe4 e5 15. Qa3
g5 16. Bc1 Qg6 17. Ree1 e4 18. Nd2 d5 19. cxd5 cxd5 20. Nb3 Bg4 21. Rd2 Nc7 22.
Rc2 e3 23. Bxe3 Qxc2 24. Rc1 Qf5 25. Rxc7 Rac8 26. Rxb7 Rfe8 27. Qxa7 Rxe3 28.
fxe3 Rf8 29. h3 Qf2+ 30. Kh1 Bf3 31. Bxf3 Qxf3+ 32. Kh2 Qe2+ 33. Kg1 Rf1# 0-1

[Event "Dutch Open 2014"]
[Site "Dieren NED"]
[Date "2014.07.29"]
[Round "7.19"]
[White "Kollen, Zyon"]
[Black "Chalmeta Ugas, Ramon"]
[Result "1/2-1/2"]
[BlackTitle "FM"]
[WhiteElo "2196"]
[BlackElo "2292"]
[WhiteFideId "1024256"]
[BlackFideId "2256339"]
[EventDate "2014.07.22"]

1. e4 c5 2. Nf3 e6 3. d4 cxd4 4. Nxd4 a6 5. Nc3 Qc7 6. Bd3 Nc6 7. Be3 Nf6 8. O-O
Nxd4 9. Bxd4 Bc5 10. Bxc5 Qxc5 11. Na4 Qa5 12. c4 d6 13. Bc2 Bd7 14. Qxd6 Rd8
15. Rad1 Bc6 16. Qxd8+ Qxd8 17. Rxd8+ Kxd8 18. Nc3 Kc7 19. Rd1 Nd7 20. b4 b6 21.
f3 a5 22. a3 axb4 23. axb4 Ra8 24. b5 Bb7 25. Na4 Bc8 26. Kf2 f6 27. f4 g5 28.
fxg5 fxg5 29. Ke3 e5 30. Rd5 Ra5 31. c5 bxc5 32. Nxc5 Nb6 33. Rd1 Rxb5 34. Na4
Nc4+ 35. Kd3 Nd6 36. Nc3 Ra5 37. Nd5+ Kd8 38. Rb1 Ra3+ 39. Rb3 Ba6+ 40. Kc3
Rxb3+ 1/2-1/2

[Event "Dutch Open 2014"]
[Site "Dieren NED"]
[Date "2014.07.29"]
[Round "7.20"]
[White "Offringa, Joost"]
[Black "Den Hartog, Marijn"]
[Result "1-0"]
[WhiteElo "2241"]
[BlackElo "2006"]
[WhiteFideId "1025880"]
[BlackFideId "1046098"]
[EventDate "2014.07.22"]

1. c4 e5 2. Nc3 Nf6 3. g3 c6 4. d4 exd4 5. Qxd4 d5 6. Bg2 dxc4 7. Qxd8+ Kxd8 8.
Nf3 Be6 9. Nd4 Bb4 10. Bg5 Nd7 11. O-O-O h6 12. Bxf6+ gxf6 13. Bxc6 Kc8 14.
Bxb7+ Kxb7 15. Nxe6 Ne5 16. Nf4 Bxc3 17. bxc3 Kc6 18. Rd4 Rab8 19. Nd5 Rb5 20.
Nb4+ Kb7 21. Rhd1 a5 22. Nc2 Rb8 23. Na3 Rb6 24. f4 Ng4 25. Nxc4 Re6 26. Rd7+
Kc6 27. Nxa5+ Kb5 28. R1d5+ Ka4 29. Ra7 Re7 30. Nb7# 1-0

[Event "Dutch Open 2014"]
[Site "Dieren NED"]
[Date "2014.07.29"]
[Round "7.21"]
[White "Evengroen, Henk-Jan"]
[Black "Maatman, Nick"]
[Result "0-1"]
[WhiteElo "2095"]
[BlackElo "2211"]
[WhiteFideId "1019252"]
[BlackFideId "1040391"]
[EventDate "2014.07.22"]

1. d4 Nf6 2. c4 c5 3. d5 b5 4. cxb5 a6 5. e3 d6 6. Nc3 g6 7. Nf3 Bg7 8. Bc4 O-O
9. O-O Nbd7 10. Re1 Nb6 11. Bf1 axb5 12. Bxb5 Ba6 13. Bc6 Rb8 14. Rb1 Ng4 15. a4
e6 16. e4 exd5 17. exd5 Bc8 18. Qe2 Bf5 19. Ra1 Ne5 20. Nxe5 Bxe5 21. h3 Qh4 22.
Qf3 Nc8 23. Nb5 Ne7 24. g4 Bc8 25. Ra3 f5 26. g5 f4 27. Bd2 Rf5 28. Kh1 Rxg5 29.
Rg1 Rg3 30. Rxg3 fxg3 31. fxg3 Qxh3+ 32. Kg1 Bg4 33. Qg2 Qh5 34. Bf4 Rf8 35. Re3
Nf5 36. Re1 Bxf4 37. gxf4 Nh4 38. Qh1 Rxf4 39. Re8+ Kg7 40. Re7+ Kh6 41. Nxd6
Bf3 42. Qh3 Qg5+ 0-1

[Event "Dutch Open 2014"]
[Site "Dieren NED"]
[Date "2014.07.29"]
[Round "7.22"]
[White "Ypma, Peter"]
[Black "Van Osch, Mees"]
[Result "1/2-1/2"]
[WhiteElo "2203"]
[BlackElo "2200"]
[WhiteFideId "1027255"]
[BlackFideId "1035967"]
[EventDate "2014.07.22"]

1. f4 c5 2. Nf3 Nc6 3. e4 e6 4. Bb5 Nge7 5. Bxc6 Nxc6 6. c4 d5 7. d3 dxe4 8.
dxe4 Qxd1+ 9. Kxd1 b6 10. Nc3 Bb7 11. Ke2 Nd4+ 12. Kf2 Be7 13. Be3 Nxf3 14. gxf3
Rd8 15. Rhd1 O-O 16. Rxd8 Rxd8 17. Rd1 Rxd1 18. Nxd1 f5 19. Nc3 Bf6 20. Bd2 a6
21. Ke3 Kf7 22. b3 Kg6 23. Na4 Bd4+ 24. Kd3 b5 25. Nc3 bxc4+ 26. bxc4 Bxc3 27.
Bxc3 Kf7 28. Be5 Ke7 29. Bxg7 Kd7 30. Bh6 Bc8 31. h4 Kc7 32. Bf8 Kb6 33. h5 a5
34. h6 a4 35. a3 Ba6 36. e5 Kc6 37. Bd6 Kb6 38. Bf8 1/2-1/2

[Event "Dutch Open 2014"]
[Site "Dieren NED"]
[Date "2014.07.29"]
[Round "7.23"]
[White "Halfhide, Sebastian"]
[Black "Van Foreest, Lucas"]
[Result "0-1"]
[WhiteElo "1979"]
[BlackElo "2192"]
[WhiteFideId "1045946"]
[BlackFideId "1039792"]
[EventDate "2014.07.22"]

1. e4 c5 2. Nf3 e6 3. d4 cxd4 4. Nxd4 a6 5. Bd3 Qc7 6. Nc3 Nf6 7. Be3 Bb4 8. O-O
O-O 9. Nde2 Nc6 10. h3 Ne5 11. f4 Bc5 12. Bxc5 Qxc5+ 13. Kh2 Nxd3 14. cxd3 b5
15. e5 Nd5 16. d4 Qc6 17. Nxd5 Qxd5 18. f5 exf5 19. Nf4 Qe4 20. Qd2 d6 21. Rae1
Qb7 22. Nh5 Qe7 23. Qf4 dxe5 24. dxe5 h6 25. h4 Be6 26. Re3 Kh7 27. Rg3 Rg8 28.
Rxg7+ Rxg7 29. Nf6+ Qxf6 30. exf6 Rg4 31. Qf2 Rd8 32. b3 Rdd4 33. g3 Rd3 34. Re1
Kg6 35. h5+ Kxf6 36. Qb2+ Rgd4 37. Re2 Rd1 38. Qa3 Kg5 39. Qe7+ Kxh5 40. Qf6
R4d2 41. Qh4+ Kg6 42. Rxd2 Rxd2+ 43. Kh3 Rxa2 44. Qb4 Rb2 45. Qf8 Rxb3 46. Kh4
f6 47. Qe7 Rb1 48. g4 f4 49. Qe8+ Kg7 50. Qe7+ Bf7 51. g5 hxg5+ 52. Kg4 Rc1 53.
Kf5 Rc6 54. Qb7 Re6 0-1

[Event "Dutch Open 2014"]
[Site "Dieren NED"]
[Date "2014.07.29"]
[Round "7.24"]
[White "Go, Benjamin"]
[Black "Wilgenhof, Otto"]
[Result "1-0"]
[WhiteElo "2133"]
[BlackElo "2217"]
[WhiteFideId "1014560"]
[BlackFideId "1002589"]
[EventDate "2014.07.22"]

1. e4 e6 2. Nf3 d5 3. Nc3 Nf6 4. e5 Nfd7 5. d4 c5 6. dxc5 Nc6 7. Bf4 Nxc5 8. Qd2
d4 9. Nb5 Ne4 10. Qe2 Bb4+ 11. Nd2 Nxd2 12. Bxd2 Bc5 13. Qg4 g6 14. c3 d3 15. b4
Qb6 16. Nd6+ Bxd6 17. exd6 Qb5 18. Qe4 Qe5 19. Qxe5 Nxe5 20. Bf4 Nc6 21. Bxd3 f6
22. O-O-O e5 23. Bh6 Kf7 24. f4 Bg4 25. Rde1 Rac8 26. Kb2 Rhd8 27. b5 Na5 28.
fxe5 fxe5 29. Rhf1+ Kg8 30. Rxe5 Rxd6 31. Re7 Be6 32. Be2 Nc4+ 33. Bxc4 Bxc4 34.
Rf4 Rd2+ 35. Kc1 Rxg2 36. Rc7 Re8 37. Re7 Rg1+ 38. Kb2 Rg2+ 39. Ka3 Rc8 40. Rg7+
Kh8 41. Rxc4 Rxc4 42. Rxb7 Rxc3+ 43. Kb4 Rc8 44. Bg7+ Kg8 45. Rxa7 Rxh2 46. b6
Rb8 47. Kb5 Rxa2 48. Rxa2 Kxg7 49. Kc6 g5 50. Kc7 Rf8 51. b7 h5 52. Ra8 Rf7+ 53.
Kc6 Rxb7 54. Kxb7 g4 55. Kc6 h4 56. Kd5 1-0

[Event "Dutch Open 2014"]
[Site "Dieren NED"]
[Date "2014.07.29"]
[Round "7.25"]
[White "Stolwijk, Colin"]
[Black "Gouw, Carol-Peter"]
[Result "1-0"]
[WhiteElo "2075"]
[BlackElo "2110"]
[WhiteFideId "1033743"]
[BlackFideId "1007629"]
[EventDate "2014.07.22"]

1. e4 d6 2. d4 Nf6 3. Nc3 g6 4. Be3 c6 5. f3 b5 6. Qd2 Nbd7 7. g4 Nb6 8. h4 h5
9. g5 Nfd7 10. d5 Ne5 11. dxc6 Nbc4 12. Bxc4 Nxc4 13. Qd3 Nxe3 14. Qxe3 Bg7 15.
Nge2 O-O 16. Nd5 Bxb2 17. Rb1 e6 18. c7 Qd7 19. Nf6+ Bxf6 20. gxf6 Kh7 21. Nf4
Qxc7 22. Rg1 Qxc2 23. Rc1 Qh2 24. Nxg6 Rg8 25. Nf8+ 1-0

[Event "Dutch Open 2014"]
[Site "Dieren NED"]
[Date "2014.07.29"]
[Round "7.26"]
[White "Heemskerk, Wim"]
[Black "Sparenberg, Erik"]
[Result "1-0"]
[WhiteTitle "FM"]
[WhiteElo "2247"]
[BlackElo "2119"]
[WhiteFideId "1001000"]
[BlackFideId "1013262"]
[EventDate "2014.07.22"]

1. Nf3 Nf6 2. c4 g6 3. g3 Bg7 4. Bg2 O-O 5. O-O d6 6. d4 Nc6 7. Nc3 a6 8. Bf4
Rb8 9. Rc1 Bd7 10. Qd2 b5 11. Nd5 Nh5 12. Bg5 f6 13. Be3 e6 14. cxb5 axb5 15.
Nxc7 Qxc7 16. d5 f5 17. dxc6 Bc8 18. Rfd1 Nf6 19. Qxd6 Qxd6 20. Rxd6 Ne4 21. Rd3
b4 22. Bd4 Bh6 23. e3 Ba6 24. Rb3 Be2 25. c7 Rbc8 26. Rxb4 1-0

[Event "Dutch Open 2014"]
[Site "Dieren NED"]
[Date "2014.07.29"]
[Round "7.27"]
[White "Schoppen, Casper"]
[Black "Warmerdam, Max"]
[Result "1-0"]
[WhiteElo "1938"]
[BlackElo "2207"]
[WhiteFideId "1046730"]
[BlackFideId "1048104"]
[EventDate "2014.07.22"]

1. Nf3 Nf6 2. g3 g6 3. Bg2 Bg7 4. O-O O-O 5. c4 d6 6. Nc3 Nc6 7. Rb1 e5 8. d3
Nh5 9. b4 f5 10. b5 Ne7 11. Qb3 Kh8 12. c5 d5 13. e3 Be6 14. Bb2 Qd7 15. Qc2 c6
16. Ne2 Qc7 17. Bc3 cxb5 18. Rxb5 Bd7 19. Rbb1 Rab8 20. Qb2 Nc6 21. Ne1 Be6 22.
Nc2 b6 23. Qa3 f4 24. exf4 exf4 25. Ned4 Bg8 26. Nxc6 Qxc6 27. Bxg7+ Nxg7 28. d4
bxc5 29. dxc5 Qf6 30. Rxb8 Rxb8 31. Qd3 Ne6 32. c6 Ng5 33. Qd4 Kg7 34. Qxa7+ Bf7
35. Qxb8 f3 36. Qf4 Qe7 37. Re1 Be6 38. Nd4 fxg2 1-0

[Event "Dutch Open 2014"]
[Site "Dieren NED"]
[Date "2014.07.29"]
[Round "7.28"]
[White "Boersma, Jan"]
[Black "Van Liempt, Michael"]
[Result "1-0"]
[WhiteElo "2101"]
[BlackElo "2016"]
[WhiteFideId "1003267"]
[BlackFideId "1012665"]
[EventDate "2014.07.22"]

1. e4 c5 2. f4 g6 3. Nf3 Bg7 4. Nc3 Nc6 5. Bb5 Nd4 6. O-O e6 7. d3 Ne7 8. Nxd4
cxd4 9. Nb1 O-O 10. Ba4 d5 11. Nd2 b5 12. Bb3 dxe4 13. dxe4 Bb7 14. Kh1 Qc7 15.
a4 a6 16. Qe1 Rac8 17. Nf3 Qc6 18. Qh4 Rc7 19. axb5 axb5 20. Qh3 Rd7 21. Ng5 h5
22. Nxe6 Re8 23. Ng5 Nc8 24. e5 Rde7 25. Bd2 Qc5 26. f5 gxf5 27. Qxh5 Qc6 28.
Bxf7+ Kf8 29. Nh7# 1-0

[Event "Dutch Open 2014"]
[Site "Dieren NED"]
[Date "2014.07.29"]
[Round "7.29"]
[White "Op Den Dries, Johan"]
[Black "Kathstede, Gerd"]
[Result "1/2-1/2"]
[WhiteElo "2098"]
[BlackElo "2082"]
[WhiteFideId "1021257"]
[BlackFideId "4662199"]
[EventDate "2014.07.22"]

1. d4 Nf6 2. Nc3 d6 3. e4 g6 4. Nf3 Bg7 5. h3 O-O 6. Be3 Nbd7 7. e5 Ne8 8. Bc4
Nb6 9. Bb3 c6 10. O-O Nc7 11. Qd2 Be6 12. Rfe1 Bxb3 13. axb3 Ncd5 14. Bh6 dxe5
15. Nxe5 Nf6 16. Ne4 Nbd7 17. Nxd7 Nxd7 18. Bxg7 Kxg7 19. d5 cxd5 20. Qxd5 Qc7
21. Nc3 Nf6 22. Qd4 a6 23. Nd5 Qd6 24. c4 Rfe8 25. Rad1 Rad8 26. Nxf6 Qxf6 27.
Qxd8 Rxd8 28. Rxd8 Qxb2 29. Re3 Qa1+ 30. Kh2 b6 31. Rd7 Qf6 32. Rf3 Qe6 33. Ra7
b5 34. cxb5 axb5 35. Re3 Qd6+ 36. g3 Kf8 37. Ra8+ Kg7 38. Ra7 Kf8 39. Ra8+ Kg7
40. Ra7 1/2-1/2

[Event "Dutch Open 2014"]
[Site "Dieren NED"]
[Date "2014.07.30"]
[Round "8.1"]
[White "Horvath, Csaba"]
[Black "Sengupta, Deep"]
[Result "1/2-1/2"]
[WhiteTitle "GM"]
[BlackTitle "GM"]
[WhiteElo "2542"]
[BlackElo "2533"]
[WhiteFideId "700118"]
[BlackFideId "5008352"]
[EventDate "2014.07.22"]

1. Nf3 c5 2. e4 e6 3. g3 Nc6 4. Bg2 Nge7 5. O-O d5 6. exd5 Nxd5 7. d4 Be7 8.
dxc5 Bxc5 9. Qe2 O-O 10. Rd1 Qe7 11. c4 Nf6 12. Nc3 h6 13. Be3 Bxe3 14. Qxe3 Bd7
15. a3 Rfd8 16. b4 Be8 17. c5 a6 18. Rd2 Qc7 19. Rad1 Rxd2 20. Rxd2 Rd8 21. Rxd8
Qxd8 22. Qd2 Kf8 23. Qxd8 Nxd8 24. Ne5 Bc6 25. f3 Ke7 26. Kf2 g5 27. Bf1 Bd5 28.
Be2 Bb3 29. c6 Nxc6 30. Nxc6+ bxc6 31. Bxa6 Kd6 32. Ke3 Nd5+ 33. Kd3 Nxc3 34.
Kxc3 Bd5 35. f4 gxf4 36. gxf4 c5 37. Bc4 cxb4+ 38. Kxb4 Bf3 39. a4 f6 40. a5 e5
41. fxe5+ fxe5 42. Bf1 Bb7 43. a6 Bxa6 44. Bxa6 1/2-1/2

[Event "Dutch Open 2014"]
[Site "Dieren NED"]
[Date "2014.07.30"]
[Round "8.2"]
[White "Das, Arghyadip"]
[Black "Ikonnikov, Vyacheslav"]
[Result "1/2-1/2"]
[WhiteTitle "IM"]
[BlackTitle "GM"]
[WhiteElo "2439"]
[BlackElo "2556"]
[WhiteFideId "5003610"]
[BlackFideId "4100972"]
[EventDate "2014.07.22"]

1. e4 c5 2. Nf3 Nc6 3. Nc3 e5 4. Bc4 Be7 5. d3 d6 6. O-O Nf6 7. Ng5 O-O 8. f4
Bg4 9. Qe1 exf4 10. Bxf4 Nd4 11. Qd2 Qd7 12. Be3 h6 13. Nf3 Nxf3+ 14. gxf3 Be6
15. Kh1 Kh7 16. Bxe6 fxe6 17. Qg2 Qe8 18. Rg1 Qf7 19. Ne2 Rg8 20. f4 d5 21. c4
dxe4 22. dxe4 b6 23. Nc3 Rad8 24. Rae1 Kh8 25. Rgf1 Nh7 26. e5 Nf8 27. Rg1 Kh7
28. Ref1 Rd3 29. Bc1 Qf5 30. Ne4 Ng6 31. Ng3 Qf8 32. Ne4 Qf5 33. Ng3 Qf8 34. Ne4 1/2-1/2

[Event "Dutch Open 2014"]
[Site "Dieren NED"]
[Date "2014.07.30"]
[Round "8.3"]
[White "Hausrath, Daniel"]
[Black "L'Ami, Erwin"]
[Result "1-0"]
[WhiteTitle "GM"]
[BlackTitle "GM"]
[WhiteElo "2526"]
[BlackElo "2650"]
[WhiteFideId "4617495"]
[BlackFideId "1007998"]
[EventDate "2014.07.22"]

1. Nf3 Nf6 2. g3 d5 3. Bg2 g6 4. O-O Bg7 5. d4 c6 6. Bf4 O-O 7. Qc1 Bf5 8. c4
Nbd7 9. Bh6 Rc8 10. Bxg7 Kxg7 11. Nbd2 Be4 12. Qc3 e6 13. Rac1 b5 14. b3 a5 15.
Ne1 Bxg2 16. Kxg2 dxc4 17. bxc4 b4 18. Qb2 c5 19. e3 e5 20. d5 Qe7 21. e4 Ne8
22. Nd3 Nd6 23. a3 f6 24. axb4 axb4 25. Ra1 Ra8 26. Ra2 Rfb8 27. Rfa1 Rxa2 28.
Rxa2 Qd8 29. f4 Qe7 30. Ra6 Kg8 31. Qb3 exf4 32. Nxf4 Nf8 33. Qe3 Nf5 34. Qf2
Nd4 35. d6 Qb7 36. Nd5 Nd7 37. Ra1 Kg7 38. Nf3 Nxf3 39. Qxf3 Re8 40. Nc7 Rxe4
41. Kf2 f5 42. Nb5 Qc8 43. Ra7 Kh6 44. Qd3 Qe8 45. Qd2+ Kh5 46. h4 f4 47. Rxd7
Qxd7 48. Qd5+ Qf5 49. g4+ Kxg4 50. Qxf5+ gxf5 51. d7 Rxc4 52. d8=Q Rc2+ 53. Ke1
b3 54. Qg8+ 1-0

[Event "Dutch Open 2014"]
[Site "Dieren NED"]
[Date "2014.07.30"]
[Round "8.4"]
[White "Sowray, Peter J"]
[Black "Pruijssers, Roeland"]
[Result "0-1"]
[WhiteTitle "FM"]
[BlackTitle "GM"]
[WhiteElo "2325"]
[BlackElo "2517"]
[WhiteFideId "400971"]
[BlackFideId "1013068"]
[EventDate "2014.07.22"]

1. d4 f5 2. Nc3 Nf6 3. Bg5 d5 4. f3 c5 5. e4 fxe4 6. fxe4 Bg4 7. Be2 cxd4 8.
Qxd4 Nc6 9. Qa4 d4 10. O-O-O Bd7 11. Nb5 Nxe4 12. Bh4 Qb6 13. Nxd4 g6 14. Bb5
O-O-O 15. Ngf3 a6 16. Rhe1 Bh6+ 17. Kb1 axb5 18. Nxb5 Bf5 19. Qa8+ Nb8 20. Nfd4
Rxd4 21. Na7+ Kc7 22. Rxd4 Nc3+ 23. Ka1 Qxd4 24. Bg3+ Kb6 25. Be5 Nc6 26. Bxh8
Qa4 27. bxc3 Qxa7 28. Rb1+ Ka6 29. Qg8 e6 30. Qxh7 Bd2 31. Qh4 Qc5 32. Qa4+ Na5
33. c4 Qxc4 34. Qa3 b6 35. Qd6 Bc3+ 36. Bxc3 Qxc3+ 0-1

[Event "Dutch Open 2014"]
[Site "Dieren NED"]
[Date "2014.07.30"]
[Round "8.5"]
[White "Kolbus, Dietmar"]
[Black "Wiersma, Eelke"]
[Result "1/2-1/2"]
[WhiteTitle "IM"]
[BlackTitle "IM"]
[WhiteElo "2303"]
[BlackElo "2354"]
[WhiteFideId "4610628"]
[BlackFideId "1002864"]
[EventDate "2014.07.22"]

1. c4 Nf6 2. Nc3 g6 3. e4 d6 4. d4 Bg7 5. f3 O-O 6. Be3 a6 7. Qd2 Nbd7 8. Bd3 c6
9. a4 e5 10. d5 Nc5 11. Bc2 cxd5 1/2-1/2

[Event "Dutch Open 2014"]
[Site "Dieren NED"]
[Date "2014.07.30"]
[Round "8.6"]
[White "Van Foreest, Jorden"]
[Black "Mostertman, Milan"]
[Result "1/2-1/2"]
[WhiteTitle "FM"]
[BlackTitle "FM"]
[WhiteElo "2461"]
[BlackElo "2284"]
[WhiteFideId "1039784"]
[BlackFideId "1025848"]
[EventDate "2014.07.22"]

1. e4 e5 2. Nf3 Nc6 3. Bb5 a6 4. Ba4 Nf6 5. O-O Be7 6. Re1 b5 7. Bb3 d6 8. c3
O-O 9. h3 Bb7 10. d4 Na5 11. Bc2 Nc4 12. a4 Nb6 13. Qe2 exd4 14. axb5 axb5 15.
Rxa8 Qxa8 16. Nxd4 b4 17. cxb4 d5 18. e5 Ne4 19. f3 Bxb4 20. fxe4 Bxe1 21. Qxe1
dxe4 22. Qg3 g6 23. Bh6 Qd8 24. Nf5 Re8 25. Bg5 Qd5 26. Ne7+ Rxe7 27. Bxe7 Qd4+
28. Kh2 Qxb2 29. Na3 Nd5 30. Bg5 e3 31. e6 fxe6 32. Be4 Qxa3 33. Bxd5 Bxd5 34.
Qxc7 Qb2 1/2-1/2

[Event "Dutch Open 2014"]
[Site "Dieren NED"]
[Date "2014.07.30"]
[Round "8.7"]
[White "Afek, Yochanan"]
[Black "Saravanan, V."]
[Result "1-0"]
[WhiteTitle "IM"]
[BlackTitle "IM"]
[WhiteElo "2298"]
[BlackElo "2320"]
[WhiteFideId "2800462"]
[BlackFideId "5000580"]
[EventDate "2014.07.22"]

1. e4 c5 2. Nc3 d6 3. Nge2 Nf6 4. g3 e5 5. Bg2 h5 6. h3 Nc6 7. d3 Be7 8. Be3 Nd4
9. Qd2 Qa5 10. f4 Be6 11. O-O O-O-O 12. Nc1 Qc7 13. Nd1 g6 14. c3 Nc6 15. Nb3
Qd7 16. fxe5 Nxe5 17. Bg5 Bxh3 18. Bxf6 Bxf6 19. Rxf6 h4 20. d4 Bxg2 21. Qxg2
Ng4 22. Rf4 f5 23. Nf2 Ne3 24. Qf3 g5 25. Rxf5 Nxf5 26. Qxf5 hxg3 27. Nh1 Rh3
28. Kg2 Rdh8 29. Qxd7+ Kxd7 30. Nxg3 Rh2+ 31. Kf3 c4 32. Na5 Rc8 33. Nf5 b6 34.
Nb7 d5 35. exd5 Rf8 36. Kg3 Rxb2 37. Rh1 Kc7 38. Rh7+ Kb8 39. d6 1-0